The good doctor/ (Record no. 166771)

MARC details
000 -LEADER
fixed length control field 00637nam a22002297a 4500
005 - DATE AND TIME OF LATEST TRANSACTION
control field 20190807174337.0
008 - FIXED-LENGTH DATA ELEMENTS--GENERAL INFORMATION
fixed length control field 190807b ||||| |||| 00| 0 eng d
010 ## - LCCN (DPL NO)
LC control number B-132853
020 ## - INTERNATIONAL STANDARD BOOK NUMBER
International Standard Book Number 978143031819
Terms of availability 250.00
035 ## - SYSTEM CONTROL NUMBER
System control number B-132853
037 ## - SOURCE OF ACQUISITION
Source of stock number/acquisition BPPD/PUB
040 ## - CATALOGING SOURCE
Original cataloging agency dpl
Language of cataloging en
050 ## - LIBRARY OF CONGRESS CALL NUMBER
DPL Classification number N
082 ## - DEWEY DECIMAL CLASSIFICATION NUMBER
Classification number N
100 ## - MAIN ENTRY--PERSONAL NAME
Personal name Galgut, Damon
245 ## - TITLE STATEMENT
Title The good doctor/
Statement of responsibility, etc by Damon Galgut
260 ## - PUBLICATION, DISTRIBUTION, ETC. (IMPRINT)
Place of publication, distribution, etc New Delhi
Name of publisher, distributor, etc Penguin Books
Date of publication, distribution, etc 2003
270 ## - ADDRESS
Address 11, Community Center, Panchsheel Park,
City New Delhi
Postal code 110017
300 ## - PHYSICAL DESCRIPTION
Extent 215p
Dimensions 22cm(pbk)
500 ## - GENERAL NOTE
General note Shortlisted for the Man Booker Prize 2003
942 ## - ADDED ENTRY ELEMENTS (KOHA)
Source of classification or shelving scheme Dewey Decimal Classification
Item type English Books
Classification part N
Call number suffix GAL
Holdings
Withdrawn status Lost status Source of classification or shelving scheme Damaged status Not for loan Collection code Home library Current library Date acquired Source of acquisition Cost, normal purchase price Total Checkouts Total Renewals Full call number Barcode Date last seen Copy number Cost, replacement price Koha item type
    Dewey Decimal Classification     Fiction R.K.Puram-8 R.K.Puram-8 07/08/2019 BPPD/Purchase 250.00 7 3 N GAL B-132853 26/07/2025 1 250.00 English Books

© Delhi Public Library
Hit Counter
free hit counter